[Event "GER-ch U25 op-C"]
[Site "Willingen"]
[Date "2024.05.22"]
[Round "6"]
[White "Fischer, John"]
[Black "Schmidt, Emelie"]
[Result "1-0"]
[WhiteElo "1614"]
[BlackElo "1171"]
[PlyCount "87"]
[EventDate "2024.05.19"]
[EventType "swiss"]
[EventRounds "9"]
[EventCountry "GER"]
[SourceTitle "EXT 2025"]
[Source "ChessBase"]
[SourceDate "2024.10.14"]
[SourceVersion "1"]
[SourceVersionDate "2024.10.14"]
[SourceQuality "1"]

1. d4 d5 2. Nc3 Nf6 3. Bf4 g6 4. f3 Bg7 5. Qd2 0-0 6. Bh6 b6 7. h4 Re8 8. h5 Bh8 9. hxg6 fxg6 10. 0-0-0 Be6 11. e4 c6 12. e5 Nfd7 13. Bd3 a6 14. Qg5 Nf8 15. Bxf8 Rxf8 16. Bxg6 hxg6 17. Qxg6+ Bg7 18. Qxe6+ Rf7 19. Qg6 Nd7 20. Rh8+ Kxh8 21. Qxf7 Qf8 22. Qh5+ Kg8 23. Nge2 Qf7 24. Qg4 Nb8 25. Qc8+ Qf8 26. Qb7 Nd7 27. Qxd7 Bh6+ 28. Kb1 Qg7 29. Qxc6 Rb8 30. Qxd5+ Kh8 31. Rh1 Kh7 32. Qe6 Rb7 33. Qf5+ Qg6 34. Qxg6+ Kxg6 35. f4 e6 36. g4 Rf7 37. g5 Bg7 38. Ne4 Kf5 39. Nf6 Rc7 40. Ne8 Re7 41. Nxg7+ Rxg7 42. c3 Ke4 43. Rf1 Ke3 44. Ng3 1-0

[Event "GER-ch U25 op-C"]
[Site "Willingen"]
[Date "2024.05.20"]
[Round "3"]
[White "Kulgemeyer, Justus"]
[Black "Schmidt, Emelie"]
[Result "1-0"]
[WhiteElo "1243"]
[BlackElo "1171"]
[PlyCount "97"]
[EventDate "2024.05.19"]
[EventType "swiss"]
[EventRounds "9"]
[EventCountry "GER"]
[SourceTitle "EXT 2025"]
[Source "ChessBase"]
[SourceDate "2024.10.14"]
[SourceVersion "1"]
[SourceVersionDate "2024.10.14"]
[SourceQuality "1"]

1. d4 d5 2. Nc3 Nf6 3. Bf4 g6 4. Nb5 Na6 5. e3 Bg7 6. Bd3 0-0 7. Nf3 c6 8. Nc3 Nc7 9. Qd2 b6 10. 0-0 c5 11. Rfe1 c4 12. Bf1 Bg4 13. Ne5 Bf5 14. f3 Bc8 15. e4 b5 16. b3 b4 17. Na4 c3 18. Qd1 Bb7 19. Nc5 Bc8 20. Nc6 Qe8 21. Nxb4 Ne6 22. Nxe6 Bxe6 23. Na6 Qd8 24. Nc7 Rc8 25. Nxe6 fxe6 26. e5 Ne8 27. Bg3 Bh6 28. Bd3 Qb6 29. Bf2 Rf7 30. a4 a5 31. g3 Ng7 32. f4 Rcf8 33. Be3 Ne8 34. Kh1 Nc7 35. Rb1 Qb7 36. Rf1 Qb6 37. Qe1 Qb4 38. Ra1 Rc8 39. g4 Na8 40. f5 Bxe3 41. Qxe3 gxf5 42. gxf5 exf5 43. Bxf5 Rcf8 44. Be6 Nc7 45. Bxf7+ Rxf7 46. Rxf7 Kxf7 47. Rf1+ Ke8 48. Qh3 Qxd4 49. Qc8# 1-0